| 000 | 01314nam a22002897a 4500 | ||
|---|---|---|---|
| 001 | 7204 | ||
| 003 | FISKH | ||
| 005 | 20250702135138.0 | ||
| 008 | 250702b cb ||||| |||| 00| 0 eng d | ||
| 020 | _a9780679850908 | ||
| 040 |
_aFISKH _beng _cFISKH _dFISKH |
||
| 050 | _aPZ7.D85445 L | ||
| 082 | _a511 | ||
| 100 |
_aBurnett, Hodgson Frances _d(1849–1924) |
||
| 245 |
_aA little princess / _cBy Frances Hodgson Burnett / Adapted by Cathy East Dubowski |
||
| 250 | _aThis edition first published in 1994 | ||
| 260 |
_aLondon : _bBullseye, _c1994 |
||
| 300 |
_a107 pages : _c20 cm |
||
| 505 | _aG | ||
| 520 | _aClassic Literature. Juvenile Fiction. Juvenile Literature. HTML:Sara Crewe is a student at Miss Minchin's fancy boarding school. She has the very best of everything. But when her rich father dies, she's left without a penny. Now Sara lives in the school's cold attic and works for crusts of bread. With some help from a secret friend and a touch of magic, Sara's world is about to change in ways she never dreamed. An adaptation of the classic novel that's just right for young readers! From the Trade Paperback edition. | ||
| 521 | 8 |
_a320
_bLexile |
|
| 521 | 8 |
_aG
_bRaz-Plus |
|
| 650 |
_2Family _aChildren |
||
| 650 |
_2Classics _aOrphan |
||
| 942 |
_2ddc _cBK _n0 |
||
| 999 |
_c7204 _d7204 |
||